Litoral : revue de Psychanalyse : mai 1982 /

محفوظ في:
التفاصيل البيبلوغرافية
مؤلفون آخرون: Allouch, Jean (dirección) (dirección)
التنسيق: كتاب
اللغة:الفرنسية
الموضوعات:
الوسوم: إضافة وسم
لا توجد وسوم, كن أول من يضع وسما على هذه التسجيلة!

MARC

LEADER 00000nam^a2200000^a^4500
001 000113999
005 20250521000000.0
009 20260310094003.808
037 |a Acervo ITESO - Biblioteca 
041 |a FRA 
082 |a 150. 19505  |b LIT V. 5 
245 1 0 |a Litoral :  |b revue de Psychanalyse : mai 1982 /  |c Dir. de J. Allouch. 
264 |a Toulouse, Francia :  |b Erès,  |c 1982 
300 |a 198 p. 
336 |a texto  |b txt  |2 rdacontenido 
337 |a sin mediación  |b n  |2 rdamedio 
338 |a volumen  |b nc  |2 rdasoporte 
649 |a XX 
650 |a Discurso (Psicoanálisis) 
650 |a Psicoanálisis y Semiótica 
650 |a Psicoanálisis -  |x Publicaciones Periódicas Francesas 
700 |a Allouch, Jean  |e (dirección) 
910 |a Fondo Armando Suárez Gómez 
920 |a Impresos - Libros 
930 |a Fondos Especiales 
905 |a 111 
901 |a 0700002067  |b IT2  |c ESP  |u 20250521 
902 |a https://opac.biblio.iteso.mx/vufind/Record/000113999